000 00509nam a2200181Ia 4500
003 GCL
008 140319s9999 xx 000 0 ara d
040 _aGCL /
_cGCL
082 0 4 _a214.15
_bع ا
100 1 _aعبدالرحمن عيسوى
245 1 0 _aالاسلام والعلاج النفسى الحديث /
_cعبدالرحمن عيسوى
300 _a253 ص
490 _a
650 0 4 _aالاسلام
650 0 4 _aالعلاج النفسى
650 0 4 _aالطب النفسى
942 _2ddc
_cBK
999 _c39191
_d39191